000 00653nam a2200217Ia 4500
003 GCL
005 20240530102951.0
008 140319s9999 xx 000 0 ara d
040 _aGCL /
_cGCL
082 0 4 _a956.708
_bا ب
100 1 _aامين المميز
245 1 0 _aبغداد كما عرفتها :
_bشزرات من ذكريات /
_cامين المميز
300 _a531 ص :
_bصور ؛
_c32 سم
650 0 4 _aالعصر الحديث
650 0 4 _aالعراق
650 0 4 _aالاثار الاسلامية
650 0 4 _aبغداد
650 0 4 _aالتاريخ العربى
650 0 4 _aالمدن العربية
942 _2ddc
_cBK
999 _c35752
_d35752